My first book of fairy tales

Bibliographic Details
Other Authors: Tarrant, Margaret (illustrated)
Format: Book
Published: London : Tiger Books International , 1988
Subjects:

MARC

LEADER 00000cam a2200000 7i4500
001 0000010196
002 000011115
005 20061229.0
020 |a 1870461150 
090 0 0 |a JF   |b FIR 
245 0 0 |a My first book of fairy tales   |c illustrated by Margaret Tarrant 
260 |a London :   |b Tiger Books International ,   |c 1988 
300 |a 63p. :   |b ill. ;   |c 19cm. 
650 0 0 |a Fairy tales 
700 1 |a Tarrant, Margaret ,   |e illustrated 
999 |a 026586   |b BUKU   |c PINJAMAN   |e PERPUSTAKAAN KOMUNITI PETALING JAYA